| 000 | 00406nam a22001337a 4500 | ||
|---|---|---|---|
| 020 | _a978 932 719 9000 | ||
| 082 |
_a06:067(079)NTA _bSIN.2 |
||
| 100 |
_aSINGLA, Deepika _aSHARMA, Vivek |
||
| 245 | _aNTA UGC NET/JRF/SET. Paper 2. Environmental Science | ||
| 260 |
_aNew Delhi _bArihant Publications |
||
| 300 | _a691p. | ||
| 650 |
_aNTA exam _aUGC exam _aNET/JRF/SET exam _aEnvironmental Science |
||
| 942 | _cBK | ||
| 999 |
_c75097 _d75097 |
||